000 00268nam a22001217a 4500
008 181031b xxu||||| |||| 00| 0 eng d
041 _aeng
080 _a941
100 _a16
101 _aHIS
245 _aThomas More History Providence
_cFox.A
942 _2udc
_cBK
999 _c51256
_d51256